000 00519nam a2200205Ia 4500
003 OSt
005 20140311163114.0
008 140130s9999 xx 000 0 und d
020 _a0439560020
050 _aPZ 7
_b.J76 2004
100 _aJones, Marcia Thornton
_94140
245 _aHappy Boo-Day To You /
_cMarcia Thornton Jones.
260 _bScholastic,
_c2004.
_aNew York :
300 _a86 p. :
_bill. ;
_c18 cm.
440 _v1
_931174
521 _aG3
526 _c580
942 _cBK
_2lcc
999 _c40705
_d40705